NBA playoff scoring leaders - Statistics

General Stats
  • This quiz has been taken 994 times
  • The average score is 24 of 33
Answer Stats
Year PPG Player % Correct
2012 30.30 LeBron James
97%
2009 35.29 LeBron James
97%
1998 32.38 Michael Jordan
96%
1997 31.05 Michael Jordan
96%
1996 30.67 Michael Jordan
96%
1993 35.05 Michael Jordan
96%
1992 34.50 Michael Jordan
96%
1991 31.12 Michael Jordan
96%
1990 36.69 Michael Jordan
96%
1989 34.76 Michael Jordan
96%
1987 35.67 Michael Jordan
96%
1986 43.67 Michael Jordan
96%
2008 30.14 Kobe Bryant
90%
2007 32.80 Kobe Bryant
90%
2003 32.08 Kobe Bryant
90%
2000 30.74 Shaquille O'Neal
84%
2010 33.20 Dwyane Wade
81%
2005 31.20 Allen Iverson
76%
1999 28.50 Allen Iverson
76%
1995 32.95 Hakeem Olajuwon
70%
1994 28.87 Hakeem Olajuwon
70%
1988 37.50 Hakeem Olajuwon
70%
2011 28.65 Kevin Durant
69%
1983 27.07 Kareem Abdul-Jabbar
66%
2004 26.60 Dirk Nowitzki
62%
2002 30.75 Tracy McGrady
51%
2001 33.75 Tracy McGrady
51%
1982 29.44 George Gervin
28%
1981 27.14 George Gervin
28%
1980 33.33 George Gervin
28%
1984 34.75 Bernard King
19%
2006 34.00 Gilbert Arenas
16%
1985 32.75 Rolando Blackman
4%
No matching quizzes found
Score Distribution
Percent of People with Each Score
Percentile by Number Answered
Your Score History
You have not taken this quiz